Teorija diskretnych sistem avtomatičeskogo upravlenija

Gespeichert in:
Bibliographische Detailangaben
Format: Buch
Sprache:Russisch
Veröffentlicht: Moskva Nauka 1983
Tags: Tag hinzufügen
Keine Tags, Fügen Sie das erste Tag hinzu!

MARC

LEADER 00000nam a2200000 4500
001 c116030
005 20260128112910.7
041 0 |a rus 
044 |a RU 
245 1 0 |a Teorija diskretnych sistem avtomatičeskogo upravlenija  |c Viktor Aleksandrovič Ivanov, Arkadij Semenovič Juščenko 
264 1 |a Moskva  |b Nauka  |c 1983 
300 |a 335 s.